La organización judicial en Rumanía / (Record no. 185885)
[ view plain ]
| 000 -LEADER | |
|---|---|
| campo de control de longitud fija | 00710nam a2200205 i 4500 |
| 001 - NÚMERO DE CONTROL | |
| campo de control | 185885 |
| 003 - IDENTIFICADOR DE NÚMERO DE CONTROL | |
| campo de control | ES-MaACL |
| 005 - FECHA Y HORA DE LA ÚLTIMA TRANSACCIÓN | |
| campo de control | 20250930063158.0 |
| 008 - DATOS DE LONGITUD FIJA--INFORMACIÓN GENERAL | |
| campo de control de longitud fija | 160819s1949 sp |||| | spa d |
| 100 1# - ENTRADA PRINCIPAL--NOMBRE DE PERSONA | |
| Nombre de persona | Popovici, Cirilo L., |
| Fechas asociadas al nombre | 1902-1995 |
| 9 (RLIN) | 93104 |
| 245 13 - MENCIÓN DEL TÍTULO | |
| Título | La organización judicial en Rumanía / |
| Mención de responsabilidad, etc. | Cirilo Popovici. |
| 260 ## - PUBLICACIÓN, DISTRIBUCIÓN, ETC. | |
| Lugar de publicación, distribución, etc. | Salamanca : |
| Nombre del editor, distribuidor, etc. | Asociación Hispano-Rumana, |
| Fecha de publicación, distribución, etc. | 1949. |
| 300 ## - DESCRIPCIÓN FÍSICA | |
| Extensión | 22 p. ; |
| Dimensiones | 22 cm. |
| 490 1# - MENCIÓN DE SERIE | |
| Mención de serie | Cuadernos hispano-rumanos ; |
| Designación de volumen o secuencia | 2 |
| 650 #4 - PUNTO DE ACCESO ADICIONAL DE MATERIA--TÉRMINO DE MATERIA | |
| Término de materia o nombre geográfico como elemento de entrada | Administración de justicia- |
| Subdivisión geográfica | Rumanía. |
| 9 (RLIN) | 9628 |
| 710 2# - ENTRADA AGREGADA--NOMBRE DE ENTIDAD CORPORATIVA | |
| Nombre de entidad corporativa o nombre de jurisdicción como elemento de entrada | Asociación Hispano-Rumana (Salamanca) |
| 9 (RLIN) | 160502 |
| 830 1# - PUNTO DE ACCESO ADICIONAL DE SERIE-TÍTULO UNIFORME | |
| Título uniforme | Cuadernos hispano-rumanos ; |
| Designación de volumen o secuencia | 2 |
| 9 (RLIN) | 192425 |
| 852 4# - LOCALIZACIÓN | |
| Ubicación | ES-MaACL |
| Número de control de estantería | E-4348 |
| Estatus retirado | Estado de pérdida | Estado de daño | No para préstamo | Biblioteca de origen | Biblioteca actual | Ubicación en estantería | Fecha de adquisición | Fuente de adquisición | Total de préstamos | Signatura topográfica completa | Código de barras | Visto por última vez | Precio de reemplazo | Tipo de ítem Koha |
|---|---|---|---|---|---|---|---|---|---|---|---|---|---|---|
| Biblioteca del Ateneo de Madrid | Biblioteca del Ateneo de Madrid | Depósito 2 | 19/08/2016 | E-4348 | 1195945 | 23/02/2023 | 23/02/2023 | Libro impreso |
